|
|
|
|
| LEADER |
00000cam a2200000 7i4500 |
| 001 |
0000009057 |
| 002 |
000009867 |
| 005 |
20000330.0 |
| 020 |
|
|
|a 0750904534
|
| 090 |
0 |
0 |
|a F
|b COL
|
| 100 |
1 |
|
|a Collins, Wilkie
|
| 245 |
1 |
0 |
|a Legacy of Cain
|c Wilkie Collins
|
| 260 |
|
|
|a United Kingdom :
|b Alan Sutton Publishing ,
|c 1993
|
| 300 |
|
|
|a 325 p. ;
|c 17 cm.
|
| 490 |
0 |
|
|a Pocket Classics
|
| 999 |
|
|
|a 049252
|b BUKU
|c PINJAMAN
|e PERPUSTAKAAN KOMUNITI PETALING JAYA
|
| 999 |
|
|
|a 049253
|b BUKU
|c PINJAMAN
|e PERPUSTAKAAN KOMUNITI PETALING JAYA
|
| 999 |
|
|
|a 049254
|b BUKU
|c PINJAMAN
|e PERPUSTAKAAN KOMUNITI PETALING JAYA
|
| 999 |
|
|
|a 085317
|b BUKU
|c PINJAMAN
|e PERPUSTAKAAN KOMUNITI PETALING JAYA
|